Silks for the Sultans: Ottoman Imperial Garments from Topkapi Palace [MVS]
Saved in:
| Main Author | |
|---|---|
| Format | Book |
| Published |
1996
|
Cover
| LEADER | 00000nam a2200000 a 4500 | ||
|---|---|---|---|
| 001 | 115694 | ||
| 003 | CZ-ZlUTB | ||
| 005 | 20260525094102.0 | ||
| 008 | s d | ||
| 100 | 1 | |a Ahmet Ertuğ | |
| 245 | 0 | 0 | |a Silks for the Sultans: Ottoman Imperial Garments from Topkapi Palace |n [MVS] |
| 260 | |c 1996 | ||
| 942 | |2 udc | ||
| 952 | |0 0 |1 0 |4 0 |6 MVS |7 0 |8 OTHER |9 191264 |a UTBZL |b UTBZL |c 045 |d 2026-05-22 |h Titul z meziknihovní výpůjční služby, nelze vypůjčit ani rezervovat |l 1 |o MVS |p 1002427759 |q 2026-06-22 |r 2026-05-22 13:01:33 |s 2026-05-22 |w 2026-05-22 |y 14 | ||
| 992 | |a IL | ||
| 993 | |x NEPOSILAT |y NESPEC | ||
| 999 | |c 115694 |d 115694 | ||